<?xml version="1.0" encoding="UTF-8"?>
<record
    xmlns:xsi="http://www.w3.org/2001/XMLSchema-instance"
    xsi:schemaLocation="http://www.loc.gov/MARC21/slim http://www.loc.gov/standards/marcxml/schema/MARC21slim.xsd"
    xmlns="http://www.loc.gov/MARC21/slim">

  <leader>00293nam a2200097Ia 4500</leader>
  <controlfield tag="008">231207s9999    xx            000 0 und d</controlfield>
  <datafield tag="082" ind1=" " ind2=" ">
    <subfield code="a">954.91</subfield>
    <subfield code="b">RIA</subfield>
  </datafield>
  <datafield tag="100" ind1=" " ind2=" ">
    <subfield code="a">Riaz Ahmad</subfield>
  </datafield>
  <datafield tag="245" ind1=" " ind2="0">
    <subfield code="a">Pakistani scholars on Quaid-i-Azam Mohammad Ali Jinnah</subfield>
  </datafield>
  <datafield tag="260" ind1=" " ind2=" ">
    <subfield code="b">Goledn Jubilee Cell and Quaid-i-Azam Chair</subfield>
  </datafield>
  <datafield tag="952" ind1=" " ind2=" ">
    <subfield code="0">0</subfield>
    <subfield code="1">0</subfield>
    <subfield code="4">0</subfield>
    <subfield code="6">954_910000000000000_RIA</subfield>
    <subfield code="7">0</subfield>
    <subfield code="9">13087</subfield>
    <subfield code="a">NCA</subfield>
    <subfield code="b">NCA</subfield>
    <subfield code="c">BK</subfield>
    <subfield code="d">2023-12-08</subfield>
    <subfield code="l">0</subfield>
    <subfield code="o">954.91 RIA</subfield>
    <subfield code="p">17087</subfield>
    <subfield code="r">2023-12-08 00:00:00</subfield>
    <subfield code="w">2023-12-08</subfield>
    <subfield code="y">BK</subfield>
  </datafield>
  <datafield tag="999" ind1=" " ind2=" ">
    <subfield code="c">13087</subfield>
    <subfield code="d">13087</subfield>
  </datafield>
</record>
